| 000 | 01034cam a22002531 4500 | ||
|---|---|---|---|
| 001 | gs 39000190 | ||
| 003 | DLC | ||
| 005 | 20260227111344.0 | ||
| 008 | 790608r1939uuuuilua b s000 0 eng | ||
| 010 | _ags 39000190 | ||
| 035 | _a(OCoLC)5048208 | ||
| 040 |
_aDLC _cTxCM _dDLC |
||
| 050 | 0 | 0 |
_aQE105 _b.A25 no. 53 |
| 100 | 1 |
_aGrim, Ralph E. _q(Ralph Early), _d1902- |
|
| 245 | 1 | 2 |
_aA unique clay from the Goose Lake, Illinois, area, _cby R. E. Grim and W. F. Bradley. |
| 260 |
_aUrbana, Illinois, _bprinted by authority of the state of Illinois, _c1939. |
||
| 300 |
_a20 p. _billus. |
||
| 410 | 2 | 0 |
_aIllinois State Geological Survey _tReport of Investigations _vno. 53 |
| 500 | _aAt head of title: State of Illinois. Department of Registration and Education. Division of the State Geological Survey. | ||
| 500 | _a"Reprinted from the Journal of American Ceramic Society, v. 22, pp. 157-164, 1939." | ||
| 504 | _aBibliographical footnotes. | ||
| 650 | 0 |
_aClay _zIllinois. |
|
| 700 | 1 |
_aBradley, William Frank, _d1908- _ejoint author. |
|
| 999 |
_c27557 _d27557 |
||